[Event "Prague International Open"]
[Site "Prague CZE"]
[Date "2019.03.13"]
[Round "6.77"]
[White "Folkova, Martina"]
[Black "Zabehlicky, Jiri"]
[Result "1-0"]
[WhiteTitle "WFM"]
[WhiteElo "2001"]
[BlackElo "1496"]
[WhiteFideId "304271"]
[BlackFideId "339059"]
[EventDate "2019.03.09"]

1. e4 e5 2. Nf3 Nc6 3. Bb5 a6 4. Ba4 Nf6 5. O-O d6 6. Re1 Bd7 7. c3 Be7 8. d3
O-O 9. Nbd2 Re8 10. Nf1 Bf8 11. h3 g6 12. Ng3 Bg7 13. Nh2 h6 14. Bc2 Ne7 15. f4
exf4 16. Bxf4 Nc6 17. d4 Nh7 18. Rf1 Ng5 19. Qd2 Rf8 20. Rf2 Be8 21. Raf1 f6 22.
h4 Nf7 23. h5 Ng5 24. Bxg5 fxg5 25. Bb3+ Kh7 26. Rxf8 Bxf8 27. Rxf8 gxh5 28. Qf2
Ne7 29. Nxh5 Ng8 30. Bxg8+ 1-0

[Event "Prague International Open"]
[Site "Prague CZE"]
[Date "2019.03.13"]
[Round "6.84"]
[White "Tesar, Jakub"]
[Black "Tichy, Tomas"]
[Result "1/2-1/2"]
[WhiteElo "1409"]
[BlackElo "1289"]
[WhiteFideId "23718730"]
[BlackFideId "23715430"]
[EventDate "2019.03.09"]

1. e4 c5 2. Nf3 g6 3. d4 cxd4 4. Nxd4 Bg7 5. Be3 Nc6 6. Nc3 Nf6 7. Bc4 O-O 8. f3
Qb6 9. Qd2 Nxe4 10. fxe4 Bxd4 11. Bxd4 Qxd4 12. Qxd4 Nxd4 13. O-O-O Nc6 14. Nd5
d6 15. Bb5 Bg4 16. Bxc6 Bxd1 17. Rxd1 bxc6 18. Nxe7+ Kh8 19. Nxc6 Rfe8 20. Rxd6
Rxe4 21. Rd7 Rh4 22. h3 Kg7 23. b3 1/2-1/2

[Event "Prague International Open"]
[Site "Prague CZE"]
[Date "2019.03.14"]
[Round "7.1"]
[White "Sivuk, Vitaly"]
[Black "Stefansson, Hannes"]
[Result "0-1"]
[WhiteTitle "GM"]
[BlackTitle "GM"]
[WhiteElo "2514"]
[BlackElo "2523"]
[WhiteFideId "14116502"]
[BlackFideId "2300087"]
[EventDate "2019.03.09"]

1. e4 e5 2. Nc3 Nf6 3. g3 d5 4. exd5 Nxd5 5. Bg2 Nxc3 6. bxc3 Bc5 7. Nf3 Nc6 8.
O-O O-O 9. Re1 Bb6 10. Nxe5 Bxf2+ 11. Kxf2 Nxe5 12. d4 Nc4 13. Qd3 Nd6 14. Re5
Be6 15. Ba3 Qd7 16. Bxd6 cxd6 17. Rb5 Rab8 18. a4 Rfc8 19. Rh5 h6 20. h3 Qc7 21.
Ra3 Bc4 22. Qd2 Re8 23. Bf3 Re6 24. Ra1 Rbe8 25. Kg1 Re3 26. Rf5 Qd7 27. g4 Qe7
28. Re5 Rxe5 29. dxe5 Qxe5 30. Kg2 b6 31. Qd4 Qxd4 32. cxd4 Re3 33. a5 b5 34. a6
Kf8 35. Bc6 Re2+ 36. Kg3 Rxc2 37. Rb1 Ba2 0-1

[Event "Prague International Open"]
[Site "Prague CZE"]
[Date "2019.03.14"]
[Round "7.2"]
[White "Zubov, Alexander"]
[Black "Kriebel, Tadeas"]
[Result "1/2-1/2"]
[WhiteTitle "GM"]
[BlackTitle "IM"]
[WhiteElo "2605"]
[BlackElo "2507"]
[WhiteFideId "14109409"]
[BlackFideId "330027"]
[EventDate "2019.03.09"]

1. d4 d5 2. c4 dxc4 3. e3 Nf6 4. Bxc4 e6 5. Qe2 c5 6. dxc5 Bxc5 7. Nf3 a6 8. O-O
O-O 9. e4 b5 10. Bd3 Nc6 11. Nbd2 e5 12. Nb3 Bb6 13. Be3 Be6 14. Rfd1 Bxb3 15.
axb3 Bxe3 16. Qxe3 Ng4 17. Qe1 1/2-1/2

[Event "Prague International Open"]
[Site "Prague CZE"]
[Date "2019.03.14"]
[Round "7.3"]
[White "Stany, G.A."]
[Black "Popovic, Dusan"]
[Result "1-0"]
[WhiteTitle "IM"]
[BlackTitle "GM"]
[WhiteElo "2507"]
[BlackElo "2511"]
[WhiteFideId "5029104"]
[BlackFideId "927031"]
[EventDate "2019.03.09"]

1. e4 c5 2. Nf3 d6 3. d4 cxd4 4. Nxd4 Nf6 5. Nc3 a6 6. Be3 e5 7. Nb3 Be6 8. f3
Be7 9. Qd2 O-O 10. O-O-O Qc7 11. g4 Rc8 12. g5 Nh5 13. Kb1 Nd7 14. Rg1 Nb6 15.
Qf2 Bd8 16. h4 g6 17. Rg2 Nc4 18. Bxc4 Bxc4 19. Qd2 Be7 20. Na4 d5 21. exd5 Bxd5
22. Bb6 Qc6 23. Qxd5 Qxa4 24. Qd7 Qc6 25. Qxe7 Qxb6 26. Qxe5 a5 27. Rd6 Qc7 28.
Rgd2 Qc4 29. Qd5 Qxh4 30. Rd7 Qe1+ 31. Rd1 Qe8 32. Nxa5 Nf4 33. Qd2 Qe5 34. Nxb7
Rab8 35. a4 Ne6 36. Re1 Qg3 37. Rxe6 fxe6 38. Qd4 Qe1+ 39. Ka2 1-0

[Event "Prague International Open"]
[Site "Prague CZE"]
[Date "2019.03.14"]
[Round "7.4"]
[White "Gasanov, Eldar"]
[Black "Sedlak, Nikola"]
[Result "0-1"]
[WhiteTitle "GM"]
[BlackTitle "GM"]
[WhiteElo "2500"]
[BlackElo "2605"]
[WhiteFideId "14104466"]
[BlackFideId "922900"]
[EventDate "2019.03.09"]

1. d4 e6 2. c4 f5 3. g3 Nf6 4. Bg2 Be7 5. Nf3 d5 6. O-O Ne4 7. Nc3 c6 8. Qc2 Nd7
9. Rb1 a5 10. a3 O-O 11. Bf4 g5 12. Be3 Nd6 13. b3 dxc4 14. Ne5 cxb3 15. Qxb3 f4
16. gxf4 gxf4 17. Qxe6+ Kh8 18. Nxd7 Rf6 19. Qe5 Nc4 20. Qh5 Bxd7 21. Bc1 Rg6
22. h3 Qg8 23. Qf3 Rxg2+ 24. Qxg2 Bxh3 25. Qxg8+ Rxg8+ 26. Kh2 Bxf1 27. Rxb7 Bh4
28. Bxf4 Bxf2 29. Ne4 Bg1+ 30. Kh1 Bg2+ 31. Kxg1 Bxe4+ 32. Kf2 Rg2+ 33. Kf1 Rg6
34. Kf2 h5 35. Re7 Rg2+ 36. Kf1 Bd5 37. e4 Rg7 38. Rxg7 Kxg7 39. exd5 cxd5 40.
a4 Kf6 41. Kf2 Ke6 42. Kg3 Kd7 43. Kh4 Kc6 44. Bc1 Kb7 45. Kxh5 Nb6 46. Kg4 Nxa4
47. Kf3 Kb6 48. Ke3 Nc3 49. Kd3 Nb5 50. Be3 Kc6 51. Kc2 a4 52. Kb2 Nd6 53. Bf4
Nf5 54. Ka3 Kb5 55. Be5 Ne3 56. Bg7 Nc4+ 57. Ka2 Kb4 58. Bf8+ Kc3 59. Bg7 Kb4
60. Bf8+ Ka5 61. Be7 Nd2 62. Ka3 Nf3 63. Bf6 Ne1 64. Bg7 Nc2+ 65. Kb2 Nb4 66.
Ka3 Nc6 67. Bf6 Kb5 68. Bg7 Na5 69. Bf6 Nc4+ 70. Ka2 Kb4 71. Be7+ Kc3 72. Bf6
Kb4 73. Be7+ Ka5 74. Bd8+ Kb5 75. Bf6 Ne3 76. Ka3 Ng4 77. Bg7 Ka5 78. Bf8 Ne3
79. Bg7 Nc4+ 80. Ka2 Nd6 81. Bf6 Nb5 82. Bd8+ Kb4 83. Be7+ Kc4 84. Bf6 a3 85.
Be7 Kxd4 86. Kb3 Ke4 87. Bg5 d4 88. Bc1 d3 0-1

[Event "Prague International Open"]
[Site "Prague CZE"]
[Date "2019.03.14"]
[Round "7.5"]
[White "Bakhmatsky, Vladislav"]
[Black "Van den Doel, Erik"]
[Result "1-0"]
[BlackTitle "GM"]
[WhiteElo "2419"]
[BlackElo "2610"]
[WhiteFideId "14124890"]
[BlackFideId "1003720"]
[EventDate "2019.03.09"]

1. e4 e5 2. Nf3 Nc6 3. Bc4 Bc5 4. O-O Nf6 5. d3 d6 6. c3 h6 7. Re1 O-O 8. Nbd2
a6 9. Bb3 Ba7 10. h3 Be6 11. Bc2 Nd7 12. Nf1 f5 13. exf5 Bxf5 14. Ng3 Bg6 15.
Be3 Kh8 16. d4 Bxc2 17. Qxc2 Rxf3 18. gxf3 exd4 19. cxd4 Nxd4 20. Bxd4 Bxd4 21.
Kg2 c5 22. Qf5 Ne5 23. f4 Nd7 24. Re2 Nf6 25. Rae1 Qg8 26. Re6 Rf8 27. Nh5 Bxb2
28. Nxf6 Bxf6 29. Qg6 Qf7 30. Qxf7 Rxf7 31. Rxd6 Rc7 32. Rb6 c4 33. Reb1 c3 34.
Rxb7 c2 35. Rb8+ Kh7 36. Rc1 Kg6 37. Kf3 Kf5 38. Rb3 Rc4 39. Ke2 Bh4 40. Rb2
Rxf4 41. f3 Bf6 42. Rbxc2 Rh4 43. Rh1 Ra4 44. Kf2 Kf4 45. Rb1 h5 46. Rb3 Bd4+
47. Kg2 Bf6 48. Re2 Kf5 49. Rbe3 Bg5 50. Re5+ Kg6 51. R5e4 Ra3 52. Rb4 Kf5 53.
Rb3 Ra5 54. a3 Bf6 55. Re4 Rc5 56. a4 Rc2+ 57. Kg1 Rd2 58. Rbb4 Be5 59. Rbc4 Bd6
60. Kf1 Rh2 61. Rcd4 Bg3 62. Rd5+ Kf6 63. Rxh5 Rf2+ 64. Kg1 Rxf3 65. Kg2 Ra3 66.
Ra5 g5 67. Rc4 Be5 68. h4 gxh4 69. Rxh4 Ra2+ 70. Kf3 Rb2 71. Rh6+ Kg7 72. Rhxa6
Bf6 73. Rb5 Ra2 74. Rb7+ Kg6 75. Rbb6 1-0

[Event "Prague International Open"]
[Site "Prague CZE"]
[Date "2019.03.14"]
[Round "7.6"]
[White "Pulpan, Jakub"]
[Black "Bernadskiy, Vitaliy"]
[Result "0-1"]
[WhiteTitle "IM"]
[BlackTitle "GM"]
[WhiteElo "2417"]
[BlackElo "2581"]
[WhiteFideId "302759"]
[BlackFideId "14100371"]
[EventDate "2019.03.09"]

1. e4 e6 2. d4 d5 3. Nd2 Nc6 4. Ngf3 Nf6 5. exd5 exd5 6. Bb5 Bd6 7. Qe2+ Be6 8.
Ng5 O-O 9. Nxe6 fxe6 10. Bxc6 bxc6 11. Qxe6+ Kh8 12. O-O Qe8 13. Qxe8 Raxe8 14.
c4 Re2 15. cxd5 cxd5 16. Nf3 Ne4 17. a3 g5 18. h3 h5 19. Be3 g4 20. hxg4 hxg4
21. Ne5 Bxe5 22. dxe5 c5 23. b4 d4 24. Bh6 Rf5 25. bxc5 Kh7 26. Rfe1 Rfxf2 27.
Rxe2 Rxe2 28. Bf4 Nxc5 29. Rd1 Ne6 30. Bg3 Re3 31. Bf2 Rxe5 32. Rb1 Kg6 33. Rb7
Ra5 34. Rb4 Rd5 35. Kf1 Kf5 36. Ra4 Rd7 37. Ra6 Nf4 38. g3 Nd3 39. Bg1 Ke4 40.
Ke2 Ne5 41. Rf6 Rf7 42. Re6 Rf3 0-1

[Event "Prague International Open"]
[Site "Prague CZE"]
[Date "2019.03.14"]
[Round "7.7"]
[White "Vorobiov, Evgeny E."]
[Black "Suarez Uriel, Adrian"]
[Result "1-0"]
[WhiteTitle "GM"]
[BlackTitle "IM"]
[WhiteElo "2566"]
[BlackElo "2395"]
[WhiteFideId "4121341"]
[BlackFideId "22230874"]
[EventDate "2019.03.09"]

1. d4 Nf6 2. c4 g6 3. Nc3 d5 4. cxd5 Nxd5 5. Bd2 Nb6 6. Bf4 Bg7 7. Nf3 O-O 8. e3
Na6 9. Bxa6 bxa6 10. O-O Bb7 11. Rc1 Rc8 12. Na4 Bxf3 13. gxf3 e5 14. Nxb6 axb6
15. dxe5 Qe7 16. Qd5 Rfd8 17. Qe4 Re8 18. Rc6 Bxe5 19. Qxe5 Qxe5 20. Bxe5 Rxe5
21. Rfc1 Rb5 22. b3 Ra5 23. a4 b5 24. R1c5 Rd8 25. Rxc7 Rd3 26. Ra7 Rxb3 27.
Rc8+ Kg7 28. Rcc7 bxa4 29. Rxf7+ Kg8 30. Rg7+ Kf8 31. Rxh7 Rb1+ 32. Kg2 Rg5+ 33.
Kh3 Kg8 34. f4 Rgg1 35. Rhc7 1-0

[Event "Prague International Open"]
[Site "Prague CZE"]
[Date "2019.03.14"]
[Round "7.8"]
[White "Martin Duque, Jesus"]
[Black "Rasik, Vitezslav"]
[Result "1/2-1/2"]
[WhiteTitle "FM"]
[BlackTitle "GM"]
[WhiteElo "2347"]
[BlackElo "2463"]
[WhiteFideId "2208954"]
[BlackFideId "300306"]
[EventDate "2019.03.09"]

1. e4 d6 2. d4 g6 3. Nc3 Bg7 4. Be3 Nf6 5. Qd2 O-O 6. O-O-O c6 7. f3 b5 8. Bh6
b4 9. Nce2 Qa5 10. Kb1 c5 11. h4 Nc6 12. h5 cxd4 13. hxg6 fxg6 14. Bxg7 Kxg7 15.
Nxd4 Nxd4 16. Qh6+ Kg8 17. Rxd4 Be6 18. b3 Qc5 19. Bc4 Bf7 20. Bxf7+ Rxf7 21.
Qd2 a5 22. Nh3 Rff8 23. Ng5 Rfc8 24. Rd1 Qc3 25. Qe2 a4 26. R4d3 Qe5 27. Qd2
axb3 28. cxb3 Rc3 29. Rxc3 bxc3 30. f4 Nxe4 31. fxe5 Nxd2+ 32. Kc2 Rxa2+ 33.
Kxc3 Nxb3 34. Kxb3 Rxg2 35. exd6 exd6 36. Ne4 h5 37. Rxd6 h4 38. Rd7 h3 39. Nf6+
Kf8 1/2-1/2

[Event "Prague International Open"]
[Site "Prague CZE"]
[Date "2019.03.14"]
[Round "7.9"]
[White "Salimova, Nurgyul"]
[Black "Stachowiak, Kamil"]
[Result "0-1"]
[WhiteTitle "FM"]
[BlackTitle "IM"]
[WhiteElo "2414"]
[BlackElo "2433"]
[WhiteFideId "2915138"]
[BlackFideId "1119966"]
[EventDate "2019.03.09"]

1. e4 c5 2. Nf3 d6 3. d4 cxd4 4. Nxd4 Nf6 5. Nc3 a6 6. Bg5 Nbd7 7. Qe2 e6 8.
O-O-O Be7 9. Be3 Qc7 10. g4 Nc5 11. Bg2 O-O 12. h4 Nfd7 13. g5 b5 14. Nf5 Nb6
15. Nxe7+ Qxe7 16. Bxc5 dxc5 17. e5 Bb7 18. Bxb7 Qxb7 19. Ne4 Qc7 20. Rhg1 Kh8
21. Nd6 c4 22. c3 Nd5 23. a3 a5 24. Rxd5 exd5 25. Nxb5 Qc5 26. Nd4 Rab8 27. h5
Rb6 28. g6 fxg6 29. e6 Qd6 30. e7 Re8 31. hxg6 Qxe7 32. Qh5 Rxg6 33. Rxg6 Qe1+
34. Kc2 Qe4+ 35. Kc1 Qxg6 36. Qxd5 Qg1+ 37. Kc2 Qxf2+ 38. Kb1 Rb8 39. Nb5 a4 40.
Qe5 Qb6 0-1

[Event "Prague International Open"]
[Site "Prague CZE"]
[Date "2019.03.14"]
[Round "7.10"]
[White "Cernousek, Lukas"]
[Black "Gajic, Mladen"]
[Result "1-0"]
[WhiteTitle "IM"]
[BlackTitle "FM"]
[WhiteElo "2429"]
[BlackElo "2322"]
[WhiteFideId "311707"]
[BlackFideId "1709178"]
[EventDate "2019.03.09"]

1. d4 g6 2. c4 Bg7 3. Nc3 d6 4. Nf3 e5 5. g3 Nc6 6. dxe5 dxe5 7. Qxd8+ Kxd8 8.
Bg5+ f6 9. O-O-O+ Ke8 10. Nb5 Kf7 11. Nxc7 Rb8 12. Be3 Nh6 13. h3 Nf5 14. Bc5 b6
15. Ba3 e4 16. Nh2 Ne5 17. b3 h5 18. Bg2 Bb7 19. Nb5 Rhe8 20. g4 a6 21. Nc7 Nh4
22. Nxe8 Rxe8 23. Rhg1 Bh6+ 24. Kc2 Bf4 25. Nf1 Nxg2 26. Rxg2 e3 27. f3 Nxf3 28.
Rd7+ Kg8 29. Rxb7 Ne1+ 30. Kc1 Nxg2 31. gxh5 gxh5 32. Rxb6 Bg5 33. Bd6 Nh4 34.
Ng3 a5 35. Rb8 Rxb8 36. Bxb8 Nf3 37. Nxh5 Nd4 38. Ng3 f5 39. Kd1 f4 40. Ne4 Bh6
41. Bc7 a4 42. b4 f3 43. exf3 e2+ 44. Ke1 Nc2+ 45. Kxe2 Nxb4 46. Nc3 a3 47. Bd6
Nc2 48. Nb5 1-0

[Event "Prague International Open"]
[Site "Prague CZE"]
[Date "2019.03.14"]
[Round "7.11"]
[White "Akash, G"]
[Black "Nguyen, Piotr"]
[Result "0-1"]
[WhiteTitle "IM"]
[BlackTitle "IM"]
[WhiteElo "2411"]
[BlackElo "2419"]
[WhiteFideId "5040299"]
[BlackFideId "1127993"]
[EventDate "2019.03.09"]

1. e4 c5 2. Nf3 Nc6 3. d4 cxd4 4. Nxd4 g6 5. Nc3 Bg7 6. Be3 Nf6 7. Bc4 O-O 8.
Bb3 Re8 9. O-O d6 10. h3 Na5 11. Re1 a6 12. Bg5 b5 13. Nd5 Bb7 14. Bxf6 exf6 15.
Qd3 Nxb3 16. Nxb3 f5 17. exf5 Bxb2 18. Rad1 Qg5 19. f4 Qh4 20. Re4 gxf5 21.
Rxe8+ Rxe8 22. Qxf5 Re2 23. Kh2 Kf8 24. Qd7 Bxd5 25. Qxd6+ Kg7 26. Rxd5 Be5 27.
Qxe5+ Rxe5 28. fxe5 Qf4+ 29. Kh1 Qf1+ 30. Kh2 Qf4+ 31. Kh1 Qc4 32. Rd6 a5 33.
Nxa5 Qxa2 34. Nc6 Qxc2 35. g4 b4 36. Nd4 Qe4+ 37. Kg1 h5 38. e6 hxg4 39. hxg4
Qxg4+ 40. Kf2 Qf4+ 41. Ke2 Qe5+ 42. Kf3 fxe6 43. Nxe6+ Kf6 44. Rb6 Qa5 45. Nc7+
Ke7 46. Rxb4 Qxc7 47. Re4+ Kf6 48. Rf4+ Ke5 49. Rh4 Qc3+ 50. Ke2 Kf5 51. Kf2 Qd3
52. Rh7 Qd4+ 53. Ke2 Kg4 54. Re7 Qc4+ 55. Kd1 Qa4+ 56. Ke2 Qa2+ 57. Kd1 Qb3+ 58.
Ke2 Qc4+ 59. Kd1 Kf3 60. Re1 Kf2 0-1

[Event "Prague International Open"]
[Site "Prague CZE"]
[Date "2019.03.14"]
[Round "7.12"]
[White "Demuth, Adrien"]
[Black "Lavrov, Maxim1"]
[Result "1-0"]
[WhiteTitle "GM"]
[BlackTitle "IM"]
[WhiteElo "2510"]
[BlackElo "2387"]
[WhiteFideId "642274"]
[BlackFideId "4166418"]
[EventDate "2019.03.09"]

1. d4 Nf6 2. c4 g6 3. Nc3 Bg7 4. e4 d6 5. Nf3 O-O 6. Be2 e5 7. d5 a5 8. Bg5 h6
9. Be3 Na6 10. Nd2 c6 11. a3 Bd7 12. O-O c5 13. f4 exf4 14. Bxf4 Ne8 15. Bd3 Qe7
16. Qb3 Rb8 17. Rae1 g5 18. Bg3 h5 19. Bb1 h4 20. e5 dxe5 21. Qc2 f5 22. Bxe5
Bxe5 23. Nf3 Bxh2+ 24. Kxh2 Qd6+ 25. Kg1 g4 26. Ne5 Ng7 27. Nxg4 Rbe8 28. Nf2
Nc7 29. Qd2 b5 30. b3 Rxe1 31. Rxe1 bxc4 32. bxc4 Qf6 33. d6 Nce8 34. Nd5 Qxd6
35. Qg5 Be6 36. Ne7+ Kf7 37. Ng6 Rg8 38. Ne5+ Kf8 39. Ng6+ Kf7 40. Nd3 Nc7 41.
Nde5+ Ke8 42. Bc2 1-0

[Event "Prague International Open"]
[Site "Prague CZE"]
[Date "2019.03.14"]
[Round "7.13"]
[White "Klima, Lukas"]
[Black "Kashlinskaya, Alina"]
[Result "0-1"]
[WhiteTitle "IM"]
[BlackTitle "IM"]
[WhiteElo "2343"]
[BlackElo "2470"]
[WhiteFideId "307548"]
[BlackFideId "4198026"]
[EventDate "2019.03.09"]

1. e4 e6 2. d3 d5 3. Nd2 Nf6 4. Ngf3 Nc6 5. g3 dxe4 6. dxe4 Bc5 7. Bg2 e5 8. O-O
O-O 9. c3 a5 10. Qc2 b6 11. Nc4 Ng4 12. h3 Ba6 13. b3 Bxc4 14. bxc4 Nf6 15. Nh4
Qe7 16. Nf5 Qe6 17. Qa4 Nb8 18. h4 Kh8 19. Qd1 Qxc4 20. Qf3 Nbd7 21. Bg5 Qe6 22.
Bh3 h6 23. Kg2 hxg5 24. hxg5 Nh7 25. Rh1 Nxg5 26. Qh5+ Nh7 27. Nxg7 Qf6 28. Bxd7
Qxf2+ 29. Kh3 Kxg7 30. Qg4+ Kf6 0-1

[Event "Prague International Open"]
[Site "Prague CZE"]
[Date "2019.03.14"]
[Round "7.14"]
[White "Souleidis, Georgios"]
[Black "Sharashenidze, Akaki"]
[Result "1/2-1/2"]
[WhiteTitle "IM"]
[BlackTitle "FM"]
[WhiteElo "2423"]
[BlackElo "2353"]
[WhiteFideId "4206827"]
[BlackFideId "13601679"]
[EventDate "2019.03.09"]

1. e4 e5 2. Nf3 Nf6 3. Nxe5 d6 4. Nd3 Nxe4 5. Qe2 Qe7 6. Nf4 c6 7. f3 Nf6 8. d4
Qxe2+ 9. Bxe2 d5 10. Bd3 Bd6 11. Ne2 Nbd7 12. Bf4 Bxf4 13. Nxf4 Nf8 14. Nc3 Ng6
15. Nce2 Bd7 16. h4 O-O-O 17. Kf2 Nxf4 18. Nxf4 h6 19. h5 Ne8 20. g4 Nc7 21.
Rhg1 Ne6 22. Nxe6 Bxe6 23. Rae1 Kd7 24. f4 Kd6 25. Re3 Bd7 26. Reg3 f6 27. Bg6
Be8 28. Bf5 Bf7 29. Ra3 Ra8 30. Re1 Rhe8 31. Rxe8 Bxe8 32. Re3 Bf7 33. Bg6 Bxg6
34. hxg6 Kd7 35. Kf3 Re8 36. Ra3 a6 37. Rb3 Kc7 38. Re3 Rxe3+ 39. Kxe3 Kd6 40.
f5 b6 41. b4 c5 42. c3 a5 43. bxc5+ bxc5 44. dxc5+ Kxc5 45. Kd3 a4 46. a3 Kc6
47. Kd4 Kd6 48. c4 dxc4 49. Kxc4 Ke5 50. Kc5 h5 51. gxh5 Kxf5 52. Kb4 Kg5 53.
Kxa4 Kxh5 54. Kb3 f5 55. Kc2 Kg4 56. Kd2 Kg3 57. Ke2 Kg2 58. Ke3 Kg3 59. Ke2 Kg2
60. Ke3 1/2-1/2

[Event "Prague International Open"]
[Site "Prague CZE"]
[Date "2019.03.14"]
[Round "7.15"]
[White "Shagbazyan, Taron"]
[Black "Slampa, Jan"]
[Result "1-0"]
[WhiteTitle "FM"]
[WhiteElo "2421"]
[BlackElo "2255"]
[WhiteFideId "14122073"]
[BlackFideId "332330"]
[EventDate "2019.03.09"]

1. d4 d5 2. c4 c6 3. Nf3 Nf6 4. Nc3 a6 5. a4 e6 6. Bf4 Nh5 7. Bd2 Nf6 8. e3 c5
9. cxd5 Nxd5 10. Nxd5 Qxd5 11. Rc1 Nc6 12. Bc4 Qh5 13. Be2 Qd5 14. e4 Qxe4 15.
dxc5 Bd7 16. O-O Be7 17. Bc3 Rd8 18. Re1 Bc8 19. Qb3 Qf5 20. Qc4 e5 21. Bf1 Be6
22. Qe2 f6 23. b4 Bd5 24. Nd2 O-O 25. Nc4 Bf7 26. Ne3 Qg5 27. Qf3 Bg6 28. b5
axb5 29. axb5 Nd4 30. Bxd4 exd4 31. h4 Qxh4 32. Nd5 Bh5 33. Nxe7+ Kh8 34. Qd3 f5
35. c6 bxc6 36. bxc6 Rd6 37. c7 Be2 38. c8=Q 1-0

[Event "Prague International Open"]
[Site "Prague CZE"]
[Date "2019.03.14"]
[Round "7.16"]
[White "Henni, Mohamed"]
[Black "Rakesh, Kumar Jena"]
[Result "0-1"]
[WhiteTitle "IM"]
[BlackTitle "IM"]
[WhiteElo "2282"]
[BlackElo "2416"]
[WhiteFideId "7900171"]
[BlackFideId "5084822"]
[EventDate "2019.03.09"]

1. e4 g6 2. d4 Bg7 3. Nc3 d6 4. Be3 a6 5. Qd2 b5 6. O-O-O Bb7 7. f3 Nd7 8. g4
Nb6 9. h4 h6 10. Nh3 b4 11. Nb1 d5 12. e5 Nc4 13. Bxc4 dxc4 14. e6 Qd6 15. exf7+
Kxf7 16. Bf4 Qb6 17. Be5 Nf6 18. Qf4 Kg8 19. d5 Rf8 20. Rhe1 Nd7 21. Bxc7 Qc5
22. Qg3 Bxd5 23. Qf2 Qxf2 24. Nxf2 e6 25. f4 Rc8 26. Ba5 b3 27. Nc3 Kf7 28. a3
bxc2 29. Kxc2 Bc6 30. Nfe4 Rb8 31. Nd6+ Ke7 32. Bb4 a5 0-1

[Event "Prague International Open"]
[Site "Prague CZE"]
[Date "2019.03.14"]
[Round "7.17"]
[White "Folk, Petr"]
[Black "Rakotomaharo, Fy Antenaina"]
[Result "1/2-1/2"]
[BlackTitle "IM"]
[WhiteElo "2177"]
[BlackElo "2409"]
[WhiteFideId "302996"]
[BlackFideId "13100050"]
[EventDate "2019.03.09"]

1. e4 c5 2. Nf3 d6 3. d4 cxd4 4. Nxd4 Nf6 5. Nc3 a6 6. Be2 e5 7. Nb3 Be7 8. Be3
Be6 9. O-O O-O 10. Qd2 Nbd7 11. a4 Nb6 12. a5 Nc4 13. Bxc4 Bxc4 14. Rfd1 Rc8 15.
Nc1 d5 16. Bb6 Qe8 17. exd5 Bb4 18. d6 Qd7 19. Nd3 Bxd3 20. Qxd3 Rc6 21. Ne4
Nxe4 22. Qxe4 Bxd6 23. Qxe5 Bxe5 24. Rxd7 Rxc2 25. Rad1 h5 26. h4 Rfc8 27. g3
Bc7 28. Bxc7 R8xc7 29. Rxc7 Rxc7 30. Rd8+ Kh7 31. Rd6 Rc5 32. Rb6 Rxa5 33. Rxb7
Kg6 34. Kg2 Rb5 35. Ra7 Rb6 36. Kf3 Kf6 37. Ke4 g6 38. Kd4 Ke6 39. Kc3 f6 40. b4
Ke5 41. Rc7 Ke4 42. Rc4+ Kf3 43. Rf4+ Kg2 44. Kc4 Kh3 45. Kc5 Rb5+ 46. Kc6 g5
47. Rc4 Re5 48. hxg5 fxg5 49. Rc5 Re6+ 50. Kb7 Rg6 51. Ra5 h4 52. gxh4 gxh4 53.
Rxa6 Rg7+ 54. Kc6 Kg2 55. Ra3 Rg6+ 56. Kc7 Rg7+ 57. Kc6 Rg6+ 58. Kc7 Rg5 59. Kc6
h3 60. Rxh3 Kxh3 61. b5 Kg4 62. b6 Kf3 63. b7 Rg8 64. Kc7 Kxf2 65. b8=Q Rxb8 66.
Kxb8 1/2-1/2

[Event "Prague International Open"]
[Site "Prague CZE"]
[Date "2019.03.14"]
[Round "7.18"]
[White "Plischki, Sebastian"]
[Black "Chittka, Julius"]
[Result "1/2-1/2"]
[WhiteTitle "IM"]
[WhiteElo "2397"]
[BlackElo "2288"]
[WhiteFideId "4637143"]
[BlackFideId "12954772"]
[EventDate "2019.03.09"]

1. Nf3 c5 2. e4 Nc6 3. d4 cxd4 4. Nxd4 Nf6 5. Nc3 e5 6. Ndb5 d6 7. Bg5 a6 8. Na3
b5 9. Bxf6 gxf6 10. Nd5 f5 11. Bd3 Be6 12. O-O Bxd5 13. exd5 Ne7 14. c3 Bg7 15.
Nc2 O-O 16. Re1 f4 17. a4 bxa4 18. Rxa4 a5 19. Bf1 f5 20. Qd2 Ng6 21. Rea1 Rb8
22. R1a2 e4 23. Kh1 Qh4 24. Ne1 Rbe8 25. f3 Qg5 26. Rxa5 Ne5 27. Be2 Qh4 28. Ra1
Qf2 29. Qd1 exf3 30. Nxf3 Ng4 31. Bb5 Qb6 32. Qf1 Nf2+ 33. Kg1 Ne4+ 34. Kh1 Nf2+
35. Kg1 Ne4+ 36. Kh1 Nf2+ 1/2-1/2

[Event "Prague International Open"]
[Site "Prague CZE"]
[Date "2019.03.14"]
[Round "7.19"]
[White "Afanasiev, Vadim"]
[Black "Szotkowski, Jakub"]
[Result "1/2-1/2"]
[WhiteTitle "FM"]
[BlackTitle "IM"]
[WhiteElo "2248"]
[BlackElo "2383"]
[WhiteFideId "4128257"]
[BlackFideId "330590"]
[EventDate "2019.03.09"]

1. d4 Nf6 2. c4 c5 3. d5 b5 4. cxb5 a6 5. e3 g6 6. Nc3 d6 7. Nf3 Bg7 8. a4 O-O
9. Ra3 Ne8 10. e4 f5 11. exf5 Bxf5 12. Be2 axb5 13. Nxb5 Na6 14. O-O Nb4 15. Ng5
Be5 16. Bg4 Ng7 17. Rh3 Qd7 18. Bxf5 Rxf5 19. Nxh7 Bf4 20. Bxf4 Rxf4 21. Ng5 Rf5
22. f4 Rxd5 23. Qb1 Rf5 24. b3 Raf8 25. Nh7 R8f7 26. Ng5 Rf8 27. Nh7 R8f7 28.
Ng5 Rf8 1/2-1/2

[Event "Prague International Open"]
[Site "Prague CZE"]
[Date "2019.03.14"]
[Round "7.20"]
[White "Gschnitzer, Adrian"]
[Black "Dong, Bao Nghia"]
[Result "0-1"]
[WhiteTitle "FM"]
[WhiteElo "2364"]
[BlackElo "2180"]
[WhiteFideId "1270337"]
[BlackFideId "12400343"]
[EventDate "2019.03.09"]

1. c4 Nf6 2. Nc3 c6 3. Nf3 d5 4. e3 g6 5. b3 Bg7 6. Bb2 O-O 7. d4 a5 8. Bd3 h6
9. O-O Na6 10. Ne5 c5 11. cxd5 cxd4 12. exd4 Nb4 13. Bc4 Nbxd5 14. Nxd5 Nxd5 15.
Qf3 e6 16. Rfe1 Qd6 17. a4 Nb4 18. Re4 b6 19. Rh4 Qe7 20. Qh3 h5 21. Re1 Nd5 22.
Nxg6 Qb4 23. Bc3 Nxc3 24. Nxf8 Nd5 25. Kf1 Qxf8 26. Qf3 Ba6 27. Bxa6 Rxa6 28.
Qxh5 Qd8 29. Qh7+ Kf8 30. Rg4 Qf6 31. Qc2 Ra8 32. Qc6 Rd8 33. Re5 Bh6 34. Kg1
Bf4 35. Re1 Qxd4 36. g3 Qd2 37. Kf1 Qd3+ 38. Kg2 Bd2 39. Re5 Qxb3 40. Rh5 Qb2
41. Rh7 Be3 42. Kh3 Bd4 43. f4 Bg1 44. Rgh4 Qxh2+ 45. Kg4 Nf6+ 0-1